000 00297nam a2200133Ia 4500
008 260604s9999 xx 000 0 und d
020 _a9780008277772
082 _a813.5 ASI
100 _aIsaac asimov
_935942
245 0 _aThe Naked Sun
260 _bHarperCollins
500 _aSun
942 _cBK
999 _c8783
_d8783